[Event "Titled Tuesday intern op 21st April"]
[Site "Chess.com INT"]
[Date "2020.04.21"]
[Round "4"]
[White "Reyes, Narquingel"]
[Black "Demchenko, Anton"]
[Result "0-1"]
[WhiteElo "2003"]
[BlackElo "2641"]
[PlyCount "94"]
[EventDate "2020.04.21"]
[EventType "swiss (blitz)"]
[EventRounds "10"]
[EventCountry "USA"]
[SourceTitle "EXT 2021"]
[Source "ChessBase"]
[SourceDate "2020.10.23"]
[SourceVersion "1"]
[SourceVersionDate "2020.10.23"]
[SourceQuality "1"]

1. d4 Nf6 2. Bf4 g6 3. e3 Bg7 4. Nf3 0-0 5. Be2 d6 6. h3 Nbd7 7. 0-0 b6 8. a4 a6 9. c4 a5 10. Nc3 Bb7 11. Rc1 Ne4 12. Nxe4 Bxe4 13. Nd2 Bb7 14. Bf3 Qc8 15. Bg3 e5 16. Bxb7 Qxb7 17. Qf3 Qxf3 18. Nxf3 Rfe8 19. Rfd1 Rad8 20. Bh4 f6 21. dxe5 dxe5 22. Rd5 Nc5 23. Ra1 g5 24. Bg3 Rxd5 25. cxd5 Rd8 26. Rd1 Nxa4 27. Rd2 Nc5 28. h4 h6 29. hxg5 hxg5 30. Rd1 c6 31. d6 Bf8 32. Nxe5 fxe5 33. Bxe5 Kf7 34. f4 Ke6 35. Kf2 gxf4 36. exf4 Bxd6 37. Bxd6 Rxd6 38. Re1+ Kf6 39. Kf3 Rd3+ 40. Kg4 Rb3 41. Rh1 Rxb2 42. g3 Kg7 43. Kf5 a4 44. g4 a3 45. g5 a2 46. g6 Kg8 47. Rh7 a1Q 0-1

[Event "Titled Tuesday intern op 21st April"]
[Site "Chess.com INT"]
[Date "2020.04.21"]
[Round "1"]
[White "Reyes, Narquingel"]
[Black "Vakhidov, Shahzod"]
[Result "1-0"]
[WhiteElo "2003"]
[BlackElo "2312"]
[PlyCount "67"]
[EventDate "2020.04.21"]
[EventType "swiss (blitz)"]
[EventRounds "10"]
[EventCountry "USA"]
[SourceTitle "EXT 2021"]
[Source "ChessBase"]
[SourceDate "2020.10.23"]
[SourceVersion "1"]
[SourceVersionDate "2020.10.23"]
[SourceQuality "1"]

1. d4 g6 2. Bf4 Bg7 3. e3 d6 4. Nf3 c5 5. c3 Nd7 6. h3 Ngf6 7. Be2 0-0 8. 0-0 a6 9. a4 b6 10. Bh2 Bb7 11. Qb3 Rc8 12. Rd1 d5 13. Nbd2 e6 14. c4 cxd4 15. exd4 dxc4 16. Nxc4 Bd5 17. Rac1 Ne4 18. Qa3 b5 19. axb5 axb5 20. Ne3 Qb6 21. Nxd5 exd5 22. Rxc8 Rxc8 23. Qb3 b4 24. Qxd5 Ndf6 25. Qb3 Rd8 26. Bc4 Qb7 27. Ne5 Nd5 28. Qf3 f5 29. g4 Qc8 30. Qb3 Nef6 31. g5 Kf8 32. gxf6 Nxf6 33. Qxb4+ Ke8 34. Bf7# 1-0

[Event "Titled Tuesday intern op 21st April"]
[Site "Chess.com INT"]
[Date "2020.04.21"]
[Round "9"]
[White "Reyes, Narquingel"]
[Black "Yakovich, Yuri"]
[Result "1-0"]
[WhiteElo "2003"]
[BlackElo "2526"]
[PlyCount "117"]
[EventDate "2020.04.21"]
[EventType "swiss (blitz)"]
[EventRounds "10"]
[EventCountry "USA"]
[SourceTitle "EXT 2021"]
[Source "ChessBase"]
[SourceDate "2020.10.23"]
[SourceVersion "1"]
[SourceVersionDate "2020.10.23"]
[SourceQuality "1"]

1. d4 d5 2. Bf4 c5 3. e3 Nc6 4. Nc3 cxd4 5. exd4 Bf5 6. Nf3 e6 7. Nb5 Rc8 8. a4 a6 9. Na3 Bd6 10. Bg3 Nf6 11. c3 0-0 12. Bd3 Bxd3 13. Qxd3 Ne4 14. Bxd6 Qxd6 15. 0-0 Na5 16. Qc2 Rc7 17. Ne5 Rfc8 18. f3 Nf6 19. Rfe1 Nd7 20. Nd3 b6 21. Nb4 Ra7 22. Qe2 Nc4 23. Nxc4 Rxc4 24. Rec1 a5 25. Nc2 Rc8 26. Qb5 Nf6 27. Ne3 Ne8 28. Re1 h6 29. Re2 Nf6 30. Rae1 Qd7 31. Qb3 Rb7 32. Ra1 b5 33. axb5 Qxb5 34. Qxb5 Rxb5 35. Ra2 Rcb8 36. Nd1 Ne8 37. Nf2 Nd6 38. Nd3 Nc4 39. Kf1 Kf8 40. Ke1 Ke7 41. Kd1 Kd6 42. Kc1 f6 43. f4 g5 44. g3 Kd7 45. Nc5+ Rxc5 46. dxc5 e5 47. fxe5 fxe5 48. Kc2 a4 49. Kc1 a3 50. bxa3 e4 51. a4 Kc6 52. a5 Kxc5 53. a6 Ra8 54. Rf2 Ra7 55. g4 Ne5 56. Rf5 Nxg4 57. Ra5+ Kc4 58. Rfxd5 Ne3 59. Rdb5 1-0

[Event "Titled Tuesday intern op 14th April"]
[Site "Chess.com INT"]
[Date "2020.04.14"]
[Round "7"]
[White "Reyes, Narquingel"]
[Black "Awoki, Daniel Teidi"]
[Result "1-0"]
[WhiteElo "2003"]
[BlackElo "2152"]
[PlyCount "77"]
[EventDate "2020.04.14"]
[EventType "swiss (blitz)"]
[EventRounds "10"]
[EventCountry "USA"]
[SourceTitle "EXT 2021"]
[Source "ChessBase"]
[SourceDate "2020.10.23"]
[SourceVersion "1"]
[SourceVersionDate "2020.10.23"]
[SourceQuality "1"]

1. d4 Nf6 2. Bf4 g6 3. Nc3 Bg7 4. e4 d6 5. Qd2 Nbd7 6. Nf3 0-0 7. Bh6 e5 8. Bxg7 Kxg7 9. 0-0-0 Qe7 10. dxe5 dxe5 11. Bc4 Qc5 12. Bb3 c6 13. h4 h5 14. Ng5 a5 15. a3 Nb6 16. Rhf1 Ng4 17. Qe2 a4 18. Ba2 f6 19. Ne6+ Bxe6 20. Bxe6 Nh6 21. f3 Rad8 22. g4 hxg4 23. fxg4 Rd6 24. Ba2 Rfd8 25. g5 Rxd1+ 26. Nxd1 fxg5 27. hxg5 Nf5 28. exf5 gxf5 29. Rxf5 Nd5 30. Qxe5+ Kg8 31. Qe6+ Kh8 32. Qh6+ Kg8 33. g6 Rd7 34. Rh5 Qd4 35. g7 Rxg7 36. Qe6+ Rf7 37. Rf5 Qg7 38. Bxd5 cxd5 39. Qxd5 1-0

[Event "Titled Tuesday intern op 4th Dec"]
[Site "Chess.com INT"]
[Date "2018.12.04"]
[Round "7"]
[White "Golubovskis, Maksims"]
[Black "Reyes, Narquingel"]
[Result "0-1"]
[WhiteElo "2053"]
[BlackElo "2003"]
[PlyCount "70"]
[EventDate "2018.12.04"]
[EventType "swiss (blitz)"]
[EventRounds "10"]
[EventCountry "USA"]
[SourceTitle "EXT 2021"]
[Source "ChessBase"]
[SourceDate "2020.10.23"]
[SourceVersion "1"]
[SourceVersionDate "2020.10.23"]
[SourceQuality "1"]

1. Nf3 Nf6 2. c4 c6 3. g3 d5 4. Bg2 Bg4 5. Qc2 e6 6. b3 Nbd7 7. Bb2 Be7 8. 0-0 0-0 9. Nc3 Re8 10. d4 Bd6 11. e4 dxe4 12. Nxe4 Nxe4 13. Qxe4 Bf5 14. Qe2 a5 15. Ne5 Nxe5 16. dxe5 Bc5 17. Rfd1 Qb6 18. h3 a4 19. Qf3 Bc2 20. Rd7 Rf8 21. h4 axb3 22. axb3 Rxa1+ 23. Bxa1 Bxb3 24. h5 h6 25. Bh3 Bxc4 26. Bc3 Bd5 27. Qg4 Qb1+ 28. Bf1 b5 29. Bd2 Bc4 30. Bxh6 Qxf1+ 31. Kh2 Qxf2+ 32. Kh3 Bf1+ 33. Kh4 Qh2+ 34. Kg5 Be3+ 35. Qf4 Qxg3# 0-1

[Event "Titled Tuesday intern op 4th Dec"]
[Site "Chess.com INT"]
[Date "2018.12.04"]
[Round "8"]
[White "Muha, Sergey"]
[Black "Reyes, Narquingel"]
[Result "0-1"]
[WhiteElo "2248"]
[BlackElo "2003"]
[PlyCount "60"]
[EventDate "2018.12.04"]
[EventType "swiss (blitz)"]
[EventRounds "10"]
[EventCountry "USA"]
[SourceTitle "EXT 2021"]
[Source "ChessBase"]
[SourceDate "2020.10.23"]
[SourceVersion "1"]
[SourceVersionDate "2020.10.23"]
[SourceQuality "1"]

1. d4 d5 2. c4 c6 3. Nf3 Nf6 4. Nc3 dxc4 5. a4 e6 6. g3 c5 7. Bg2 Nc6 8. 0-0 cxd4 9. Nb5 e5 10. Na3 Be6 11. Qc2 Nb4 12. Qb1 Bd6 13. Bd2 Nc6 14. Rc1 Bxa3 15. Rxa3 0-0 16. Ng5 Bd5 17. Bxd5 Qxd5 18. Qc2 h6 19. Nf3 e4 20. Ne1 Ne5 21. Bf4 Rac8 22. Qd2 c3 23. bxc3 Nc4 24. Qa2 Nxa3 25. Qxa3 dxc3 26. Rxc3 Rxc3 27. Qxc3 Qd1 28. Kg2 Nd5 29. Qd2 Nxf4+ 30. Qxf4 Qxe1 0-1

[Event "Titled Tuesday intern op 4th Dec"]
[Site "Chess.com INT"]
[Date "2018.12.04"]
[Round "3"]
[White "Pantev, Veselin"]
[Black "Reyes, Narquingel"]
[Result "0-1"]
[WhiteElo "2401"]
[BlackElo "2003"]
[PlyCount "155"]
[EventDate "2018.12.04"]
[EventType "swiss (blitz)"]
[EventRounds "10"]
[EventCountry "USA"]
[SourceTitle "EXT 2021"]
[Source "ChessBase"]
[SourceDate "2020.10.23"]
[SourceVersion "1"]
[SourceVersionDate "2020.10.23"]
[SourceQuality "1"]

1. d4 d5 2. Nf3 Nf6 3. Bf4 c5 4. e3 Nc6 5. c3 cxd4 6. exd4 Bf5 7. Qb3 Qc8 8. Be2 e6 9. 0-0 Be7 10. h3 0-0 11. Nbd2 a6 12. a4 Na5 13. Qa2 Ne4 14. Nxe4 Bxe4 15. Nd2 Bg6 16. Rfe1 Qd7 17. b4 Nc6 18. Nb3 b6 19. a5 b5 20. Bf3 Rac8 21. Rad1 Rfe8 22. Nc5 Bxc5 23. dxc5 f6 24. Bd6 Bf7 25. Qd2 Ne7 26. Bg4 Rcd8 27. h4 Nc8 28. Bg3 Qc6 29. h5 e5 30. f4 e4 31. h6 g6 32. Bxc8 Rxc8 33. Qd4 Qe6 34. Bh4 Rc6 35. Re3 Qf5 36. Rf1 Ree6 37. Kh2 Kf8 38. Qd1 Re8 39. g4 Qd7 40. Kg3 d4 41. Qxd4 Qxd4 42. cxd4 Bd5 43. Kf2 Kf7 44. Rfe1 Re7 45. f5 g5 46. Bg3 Re8 47. Bd6 Kg8 48. Ke2 Kf7 49. Kd2 Kg8 50. Rd1 Kf7 51. Ree1 Rd8 52. Ke3 Re8 53. Rd2 Rd8 54. Rde2 Re8 55. Kd2 Kg8 56. Re3 Kf7 57. Kc3 Kg8 58. Be5 fxe5 59. dxe5 Kf7 60. Kd4 Bc4 61. Kc3 Rxe5 62. Rxe4 Rxe4 63. Rxe4 Rxh6 64. Rd4 Ke7 65. Re4+ Kf7 66. Rd4 Rh3+ 67. Kc2 Rh6 68. Rd7+ Ke8 69. Ra7 Be2 70. Kc3 Bxg4 71. f6 Rxf6 72. Rxh7 Bd7 73. Kd4 Rg6 74. Ke5 g4 75. Rh8+ Ke7 76. Rh7+ Kd8 77. Rh8+ Kc7 78. Rh1 0-1

[Event "Titled Tuesday intern op 1st May"]
[Site "Chess.com INT"]
[Date "2018.05.01"]
[Round "5"]
[White "Bartholomew, John"]
[Black "Reyes, Narquingel"]
[Result "1-0"]
[WhiteElo "2461"]
[BlackElo "2003"]
[PlyCount "125"]
[EventDate "2018.05.01"]
[EventType "swiss (blitz)"]
[EventRounds "10"]
[EventCountry "USA"]
[SourceTitle "EXT 2021"]
[Source "ChessBase"]
[SourceDate "2020.10.23"]
[SourceVersion "1"]
[SourceVersionDate "2020.10.23"]
[SourceQuality "1"]

1. d4 d5 2. c4 c6 3. cxd5 cxd5 4. Nf3 Nf6 5. Nc3 Nc6 6. Bf4 Bf5 7. e3 e6 8. Qb3 Bb4 9. Bb5 0-0 10. 0-0 Bxc3 11. Qxc3 Rc8 12. Rfc1 a6 13. Bf1 Ne4 14. Qa3 g5 15. Bg3 h5 16. h3 Nxg3 17. fxg3 Qf6 18. Be2 Be4 19. Rf1 Qg7 20. Nh2 Bg6 21. Rad1 Rc7 22. g4 h4 23. Nf3 f6 24. Qd6 Qd7 25. Qxd7 Rxd7 26. Rc1 Rc8 27. Rc5 Rdc7 28. Rfc1 Be8 29. b4 b5 30. a4 Kf7 31. axb5 axb5 32. Bxb5 Ke7 33. Ba6 Ra8 34. b5 Kd6 35. b6 Rxa6 36. bxc7 Kxc7 37. Rb5 Kd6 38. Rb7 Bd7 39. Ne1 Ra3 40. Kf2 e5 41. dxe5+ fxe5 42. Rd1 Ra2+ 43. Kf1 Na5 44. Rb6+ Kc5 45. Rg6 Bb5+ 46. Kg1 e4 47. Rxg5 Bc4 48. Rf5 Re2 49. g5 Rxe3 50. g6 Rg3 51. Rf6 d4 52. Nc2 d3 53. Rf5+ Bd5 54. Ne1 Rxg6 55. Nxd3+ exd3 56. Rxd3 Rd6 57. Rh5 Nc6 58. Rxh4 Nb4 59. Rd2 Rg6 60. Rxb4 Bxg2 61. Rg4 Be4 62. Rxg6 Bxg6 63. Kf2 1-0

[Event "Titled Tuesday intern op 1st May"]
[Site "Chess.com INT"]
[Date "2018.05.01"]
[Round "1"]
[White "Reyes, Narquingel"]
[Black "Plotnikov, Pavel"]
[Result "1/2-1/2"]
[WhiteElo "2003"]
[BlackElo "2297"]
[PlyCount "105"]
[EventDate "2018.05.01"]
[EventType "swiss (blitz)"]
[EventRounds "10"]
[EventCountry "USA"]
[SourceTitle "EXT 2021"]
[Source "ChessBase"]
[SourceDate "2020.10.23"]
[SourceVersion "1"]
[SourceVersionDate "2020.10.23"]
[SourceQuality "1"]

1. d4 e6 2. Bf4 f5 3. e3 Nf6 4. Nf3 b6 5. Be2 Bb7 6. 0-0 Be7 7. h3 0-0 8. c4 d6 9. Nc3 Ne4 10. Rc1 Nd7 11. Bh2 Ndf6 12. b4 a5 13. a3 axb4 14. axb4 Nxc3 15. Rxc3 Ne4 16. Rc1 Qd7 17. Nd2 Nxd2 18. Qxd2 Rf6 19. Ra1 Qc8 20. Rfc1 Rg6 21. Bf1 Be4 22. c5 bxc5 23. bxc5 Qb7 24. Rxa8+ Qxa8 25. f4 h6 26. cxd6 cxd6 27. g3 Bh4 28. Kf2 Bd8 29. Qc3 Kh7 30. Qc8 Qa5 31. Qc3 Qa2+ 32. Be2 Bh4 33. Ra1 Qd5 34. Bh5 Bh1 35. Bxg6+ Kxg6 36. Rg1 Qf3+ 37. Ke1 Bd8 38. Rf1 Qg2 39. Rf2 Qe4 40. g4 Bf3 41. gxf5+ exf5 42. Kd2 Kh7 43. Qd3 Qd5 44. Rxf3 Qxf3 45. Qxf5+ Kg8 46. Qe6+ Kh7 47. Qf5+ Kg8 48. Qe6+ Kh7 49. Qf5+ Kg8 50. Qe6+ Kh7 51. Qf5+ Kg8 52. Qe6+ Kh7 53. Qf5+ 1/2-1/2

[Event "Titled Tuesday intern op 1st May"]
[Site "Chess.com INT"]
[Date "2018.05.01"]
[Round "2"]
[White "Zumsande, Martin"]
[Black "Reyes, Narquingel"]
[Result "1-0"]
[WhiteElo "2450"]
[BlackElo "2003"]
[PlyCount "43"]
[EventDate "2018.05.01"]
[EventType "swiss (blitz)"]
[EventRounds "10"]
[EventCountry "USA"]
[SourceTitle "EXT 2021"]
[Source "ChessBase"]
[SourceDate "2020.10.23"]
[SourceVersion "1"]
[SourceVersionDate "2020.10.23"]
[SourceQuality "1"]

1. e4 c6 2. d4 d5 3. exd5 cxd5 4. c4 Nf6 5. Nc3 Nc6 6. Bg5 dxc4 7. Bxc4 h6 8. Bh4 e6 9. Nf3 Be7 10. 0-0 0-0 11. a3 a6 12. Qd3 Nd5 13. Bg3 b5 14. Bb3 Bb7 15. Nxd5 exd5 16. Rfe1 Na5 17. Bc2 g6 18. Ne5 Bf6 19. Nxg6 Re8 20. Ne5 Bg7 21. Qf5 Qf6 22. Qh7+ 1-0

[Event "Titled Tuesday intern op 12th Dec"]
[Site "Chess.com INT"]
[Date "2017.12.12"]
[Round "9"]
[White "Blagojevic, Tijana"]
[Black "Reyes, Narquingel"]
[Result "0-1"]
[WhiteElo "2260"]
[BlackElo "2003"]
[PlyCount "54"]
[EventDate "2017.12.12"]
[EventType "swiss (blitz)"]
[EventRounds "10"]
[EventCountry "USA"]
[SourceTitle "EXT 2021"]
[Source "ChessBase"]
[SourceDate "2020.10.23"]
[SourceVersion "1"]
[SourceVersionDate "2020.10.23"]
[SourceQuality "1"]

1. e4 c6 2. d4 d5 3. e5 Bf5 4. Nf3 e6 5. Be2 c5 6. 0-0 cxd4 7. Nxd4 Ne7 8. c4 Nbc6 9. Nb5 Nxe5 10. cxd5 Nxd5 11. Nd4 Ne7 12. Nc3 a6 13. Bf4 N5c6 14. Nxf5 Nxf5 15. Qb3 Qc8 16. Na4 Nfd4 17. Qd3 Qd8 18. Bh5 Qh4 19. g4 g6 20. Nb6 Rd8 21. Bc7 Bd6 22. Bxd6 Rxd6 23. Nc4 Rd8 24. Qa3 gxh5 25. Nd6+ Rxd6 26. Qxd6 Qxg4+ 27. Kh1 Qf3+ 0-1

[Event "Titled Tuesday intern op 12th Dec"]
[Site "Chess.com INT"]
[Date "2017.12.12"]
[Round "4"]
[White "Manion, Josh"]
[Black "Reyes, Narquingel"]
[Result "0-1"]
[WhiteElo "2400"]
[BlackElo "2003"]
[PlyCount "108"]
[EventDate "2017.12.12"]
[EventType "swiss (blitz)"]
[EventRounds "10"]
[EventCountry "USA"]
[SourceTitle "EXT 2021"]
[Source "ChessBase"]
[SourceDate "2020.10.23"]
[SourceVersion "1"]
[SourceVersionDate "2020.10.23"]
[SourceQuality "1"]

1. e4 e5 2. Nf3 Nc6 3. c3 d5 4. Qa4 Bd7 5. exd5 Nd4 6. Qd1 Nxf3+ 7. Qxf3 Nf6 8. Bc4 Bd6 9. d3 b5 10. Bb3 Bg4 11. Qe3 0-0 12. h3 Bf5 13. Nd2 Re8 14. 0-0 h6 15. Ne4 a5 16. Qf3 Bxe4 17. dxe4 Bc5 18. a4 b4 19. Be3 Qd6 20. Bc4 Rab8 21. Bb5 Rf8 22. Rac1 bxc3 23. Rxc3 Bxe3 24. Qxe3 Qb4 25. Rc4 Qxb2 26. Rfc1 Rb7 27. Rxc7 Rxc7 28. Rxc7 Qb1+ 29. Rc1 Qxe4 30. d6 Qd5 31. Qc5 Qd2 32. Qc7 Ne4 33. Rc2 Qd1+ 34. Kh2 Nxd6 35. Rc1 Qd4 36. Qc2 Nxb5 37. axb5 Rb8 38. Qc5 Qxc5 39. Rxc5 f6 40. Kg3 Kf7 41. Kf3 Ke6 42. Rc6+ Kd5 43. Rc7 Rxb5 44. Rxg7 Kc4 45. Rg6 Rb6 46. Rxh6 a4 47. Rh4+ Kb3 48. Ke3 a3 49. Rh8 Ra6 50. Kd3 a2 51. Rb8+ Ka3 52. Kc2 a1Q 53. Rb3+ Ka4 54. Rf3 Rc6+ 0-1

[Event "Titled Tuesday intern op 2nd Dec"]
[Site "Chess.com INT"]
[Date "2017.12.05"]
[Round "3"]
[White "Reyes, Narquingel"]
[Black "Moskalenko, Alexander"]
[Result "0-1"]
[WhiteElo "2003"]
[BlackElo "2522"]
[PlyCount "134"]
[EventDate "2017.12.05"]
[EventType "swiss (blitz)"]
[EventRounds "10"]
[EventCountry "USA"]
[SourceTitle "EXT 2021"]
[Source "ChessBase"]
[SourceDate "2020.10.23"]
[SourceVersion "1"]
[SourceVersionDate "2020.10.23"]
[SourceQuality "1"]

1. d4 d5 2. Nf3 c6 3. c4 Nf6 4. cxd5 cxd5 5. Nc3 a6 6. Bf4 Nc6 7. e3 Bg4 8. Be2 e6 9. 0-0 Bd6 10. Bxd6 Qxd6 11. Rc1 0-0 12. Na4 Nd7 13. a3 Rfc8 14. Nc5 Nxc5 15. dxc5 Qe7 16. b4 a5 17. b5 Bxf3 18. gxf3 Qg5+ 19. Kh1 Ne7 20. f4 Qh4 21. Bf3 g6 22. Qd4 Rc7 23. Rc2 Nf5 24. Qe5 Rac8 25. Rfc1 Qe7 26. c6 bxc6 27. b6 Rb7 28. Rxc6 Rxc6 29. Rxc6 Qd8 30. Qc3 Ne7 31. Rc5 Rxb6 32. Qxa5 Rb1+ 33. Kg2 Qxa5 34. Rxa5 Kg7 35. Ra7 Kf6 36. Be2 Ra1 37. Bb5 Ra2 38. Be8 Rb2 39. a4 Rb8 40. Bd7 Nf5 41. Ra6 h6 42. a5 Rb2 43. Kf1 Ra2 44. Ra7 g5 45. fxg5+ hxg5 46. a6 Nd6 47. Bc6 Ke5 48. f3 f5 49. Ra8 Nc4 50. e4 Nd2+ 51. Ke2 Nxe4+ 52. Kd1 Nd6 53. Kc1 Nc4 54. Kb1 Ra5 55. Bb7 Nd6 56. Rg8 Nxb7 57. axb7 Rb5+ 58. Kc2 Rxb7 59. Rxg5 Kf4 60. Rg6 e5 61. Re6 Rh7 62. Kd3 e4+ 63. fxe4 dxe4+ 64. Kd4 Rxh2 65. Rf6 Rd2+ 66. Kc3 Rd3+ 67. Kc2 Rd5 0-1

[Event "Titled Tuesday intern op 2nd Dec"]
[Site "Chess.com INT"]
[Date "2017.12.05"]
[Round "10"]
[White "Reyes, Narquingel"]
[Black "Panesso Rivera, Henry"]
[Result "0-1"]
[WhiteElo "2003"]
[BlackElo "2411"]
[PlyCount "92"]
[EventDate "2017.12.05"]
[EventType "swiss (blitz)"]
[EventRounds "10"]
[EventCountry "USA"]
[SourceTitle "EXT 2021"]
[Source "ChessBase"]
[SourceDate "2020.10.23"]
[SourceVersion "1"]
[SourceVersionDate "2020.10.23"]
[SourceQuality "1"]

1. d4 Nf6 2. Nf3 g6 3. Bf4 Bg7 4. e3 0-0 5. Be2 d6 6. 0-0 c5 7. c3 b6 8. a4 a6 9. h3 Bb7 10. Qb3 Nbd7 11. Rd1 cxd4 12. cxd4 a5 13. Nc3 Nb8 14. Rac1 Nc6 15. e4 Nb4 16. e5 Nfd5 17. Bg3 Rc8 18. exd6 exd6 19. Nb5 Rxc1 20. Rxc1 Ba6 21. Bc4 Bxb5 22. Bxb5 Bh6 23. Re1 Qf6 24. Qc4 Bf4 25. Bh4 g5 26. Bg3 h5 27. Qe2 h4 28. Bxf4 Nxf4 29. Qe7 Kg7 30. Nxg5 Qxe7 31. Rxe7 Kf6 32. Rb7 Kxg5 33. Rxb6 Rc8 34. g3 hxg3 35. fxg3 Rc1+ 36. Kh2 Rc2+ 37. Kh1 Nxh3 38. Rxd6 Nf2+ 39. Kg1 Kg4 40. Rf6 Kxg3 41. Rxf7 Nd5 42. Rg7+ Ng4 43. Kf1 Nf4 44. Ke1 Kf3 45. Ba6 Ng2+ 46. Kd1 N4e3# 0-1

[Event "Titled Tuesday intern op 17th April"]
[Site "Chess.com INT"]
[Date "2017.11.07"]
[Round "1"]
[White "Perrine, Dalton"]
[Black "Reyes, Narquingel"]
[Result "1-0"]
[WhiteElo "2263"]
[BlackElo "2003"]
[PlyCount "47"]
[EventDate "2017.04.17"]
[EventType "swiss (blitz)"]
[EventRounds "10"]
[EventCountry "USA"]
[SourceTitle "EXT 2021"]
[Source "ChessBase"]
[SourceDate "2020.10.23"]
[SourceVersion "1"]
[SourceVersionDate "2020.10.23"]
[SourceQuality "1"]

1. c4 c6 2. e4 d5 3. exd5 cxd5 4. d4 Nf6 5. Nc3 Nc6 6. cxd5 Nxd5 7. Bc4 e6 8. Nf3 Be7 9. 0-0 0-0 10. a3 b6 11. Qd3 Bb7 12. Bb3 Rc8 13. Bc2 Nf6 14. Bg5 g6 15. Bh6 Re8 16. Rad1 Na5 17. Ne5 Qd5 18. Nxd5 Bxd5 19. Qe2 Nc4 20. Nxc4 Bxc4 21. Bd3 Bd5 22. Rc1 Rcd8 23. Bb5 Nd7 24. Rc7 1-0

[Event "Titled Tuesday intern op 17th April"]
[Site "Chess.com INT"]
[Date "2017.11.07"]
[Round "5"]
[White "Semjonovs, Ilja"]
[Black "Reyes, Narquingel"]
[Result "1-0"]
[WhiteElo "2240"]
[BlackElo "2003"]
[PlyCount "147"]
[EventDate "2017.04.17"]
[EventType "swiss (blitz)"]
[EventRounds "10"]
[EventCountry "USA"]
[SourceTitle "EXT 2021"]
[Source "ChessBase"]
[SourceDate "2020.10.23"]
[SourceVersion "1"]
[SourceVersionDate "2020.10.23"]
[SourceQuality "1"]

1. e4 c6 2. d4 d5 3. Nc3 dxe4 4. Nxe4 Bf5 5. Ng3 Bg6 6. h4 h6 7. Nf3 Nd7 8. h5 Bh7 9. Bd3 Bxd3 10. Qxd3 e6 11. Bd2 Ngf6 12. 0-0-0 Be7 13. Kb1 0-0 14. Ne4 Nxe4 15. Qxe4 Nf6 16. Qe2 Qd5 17. Ne5 Qe4 18. Qxe4 Nxe4 19. Be1 Rad8 20. f3 Nf6 21. Bf2 Nd7 22. c4 Nxe5 23. dxe5 b6 24. Kc2 Rxd1 25. Rxd1 Rd8 26. Rxd8+ Bxd8 27. b4 Bc7 28. Bd4 Kf8 29. a4 Ke7 30. b5 c5 31. Bc3 g6 32. g4 g5 33. Kd3 Kf8 34. Ke3 Kg7 35. Ke4 Bd8 36. Bb2 Be7 37. Ba3 Bd8 38. Bc1 Be7 39. f4 gxf4 40. Bxf4 Bh4 41. a5 bxa5 42. Be3 Be7 43. Kd3 Bf8 44. Kc3 a4 45. Kb2 f6 46. Ka3 fxe5 47. Kxa4 Bd6 48. Ka5 Bc7+ 49. Ka6 Bb6 50. Kb7 e4 51. Kc6 Ba5 52. Bxc5 Bb6 53. Bd6 Bf2 54. Be5+ Kf7 55. Bf4 e3 56. Bxh6 e2 57. Bd2 e1Q 58. Bxe1 Bxe1 59. c5 Bf2 60. b6 axb6 61. cxb6 Kf6 62. b7 Ba7 63. h6 Bb8 64. Kd7 e5 65. g5+ Kg6 66. Ke6 e4 67. h7 Kg7 68. g6 e3 69. h8Q+ Kxh8 70. Kf7 Be5 71. b8Q+ Bxb8 72. g7+ Kh7 73. g8Q+ Kh6 74. Qg6# 1-0